El estructuralismo

Gespeichert in:
Bibliographische Detailangaben
1. Verfasser: Piaget, Jean (VerfasserIn)
Format: Buch
Sprache:Spanisch
Veröffentlicht: Buenos Aires Proteo 1969
Schriftenreihe:Colección estudios y ensayos fundamentales
Schlagworte:
Tags: Tag hinzufügen
Keine Tags, Fügen Sie den ersten Tag hinzu!

MARC

LEADER 00000nam a2200000 a 4500
001 UCW7022
003 CL-VaPUC
008 920818e19690000AG |||||||||||||||||spa|d
082 0 4 |a 149.9  |b PIA  |2 21 
100 0 |a Piaget, Jean  |e author  |9 308149 
245 1 3 |a El estructuralismo 
300 |a 124 p 
942 |c BK 
945 |d 19920818 00:00:00 
260 |a Buenos Aires  |b Proteo  |c 1969 
650 0 |a Estructuralismo  |9 265696 
650 0 |a Filosofía   |9 223554 
583 |a last modification  |c 19920818 00:00:00  |k Rodrigo Vera 
490 0 |a Colección estudios y ensayos fundamentales 
999 |c 219909  |d 219907 
952 |0 0  |1 0  |4 0  |6 149_900000000000000_PIA_1969  |7 0  |8 A  |9 211437  |a BIBEDU  |b BIBEDU  |d 2019-11-15  |i 2796376  |o 149.9 PIA 1969  |p 2796376  |r 2019-11-15  |w 2019-11-15  |y BK  |k EDU